000 00716nam a2200217 4500
001 148997
003 ES-MaACL
005 20250819164921.0
007 t|
008 070214s1975 sp r ||||1| spa d
020 _a84-229-3014-5
100 1 _aSuratteau, Jean-René.
_9108810
245 1 3 _aLa idea nacional
_b: de la opresión a la liberación de los pueblos /
_cJean-René Suratteau ; [traducción de Roberto Mesa].
260 _aMadrid :
_bCuadernos para el Diálogo,
_c1975.
300 _a208 p. ;
_c21 cm.
650 7 _aNacionalismo
_2embne
_915438
700 1 _aMesa, Roberto.
_980634
710 2 _aCuadernos para el Diálogo.
_93333
852 _aES-MaACL
_jE-7872
999 _c148997
_d148997